1257 1044 1656 1820 1972 1042 1277 1159 1337 1569 1742 1871 1519 1775 1400 1317 1159 1470 1824 1687 1554 1379 1860 1025 1078 1707 1904 1989 1055 1121 1886 1113 1800 1861 1873 1418 1277 1257 1337 1334 1878 1236 1618 1203 1987 1128 1764 1919 1825 1185 1327 1124 1402 1741 1664 1154 1116 1323 1614 1407 1852 1474 1777 1178 1171 1299 1968 1103 1804 1109 1920 1009 1654 1771 1860 1870 1713 1326 1736 1091 1868 1406 1813 1206 1354 1085 1579 1310 1427 1500 1258 1998 1713 1460 1829 1355 1942 1532 1271 BCNSPRNW ULIB Ver.6.0+V

เปลี่ยนเป็นภาษาไทย

Change to English
 แสดงรายละเอียดบรรณานุกรม
  กลับหน้าหลัก

Brief Record : Get Marc (ISO 2709) : E-mail record : QR code < ปิดหน้าต่าง
LEADER : 00000nam 2200000uu 4500
001    13399113510
003     ULIB
008    110627s2551||||th 000 0 tha d
020    9789740468110
090    นว.^bค129ฝ 2551
100 0  คณิตยา
245 00 ฝากรัก..ผ่านซีบ็อกซ์/^cคณิตยา
250    พิมพ์ครั้งที่ 1
260    กรุงเทพฯ :^bพิมพ์คำ,^c2551
300    269 หน้า
710 1  พิมพ์คำ
945    ^p180^l0^i026754
995    ทศพร
999 ^a ใช้งานได้ทุกระบบ
รายการนี้ยังไม่มีแท็ก
คุณยังไม่ได้ล็อกอิน คุณสามารถมีกิจกรรมร่วมกับเว็บไซต์ได้ แต่ต้องล็อกอินก่อน ::
  ล็อกอิน

รายการสื่อสารสนเทศ

ลำดับที่ ประเภท เลขเรียก/บาร์โค้ด สถานที่ สถานะ
1. นวนิยาย
นวนิยาย
นว. ค129ฝ 2551 ฉ.1 
  Barcode: 026754
ห้องสมุดวิทยาเขตสวรรค์ประชารักษ์
►นวนิยาย
บนชั้น
  ขอยืม

รายการใกล้เคียง
    ผู้แต่ง [คณิตยา]

BibComment


ยังไม่เคยถูกคอมเมนท์

คอมเมนท์ทรัพยากรรายการนี้
  คอมเมนท์: ฝากรักผ่านซีบ็อกซ..


 Copyright 2026. Bcnsprnw @Library